000 00235nam a2200097Ia 4500
001 646781
005 20250826153649.0
008 250824s9999 xx 000 0 und d
245 0 _aTUFAN
_cAHMET YILMAZ BOYUNAĞA
260 _bTİMAŞ ÇOCUK
999 _c646781
_d646781